Hauptstädte mit 5 Buchstaben - Statistiken

Allgemein
  • Dieses Quiz wurde 135 mal gespielt
  • Das Durchschnittsergebnis liegt bei 12 aus 23
Antwortstatistiken
Kontinent Stadt % Korrekt
Europa Paris
89%
Asien Tokio
80%
Europa Athen
76%
Afrika Kairo
67%
Südamerika Quito
66%
Europa Minsk
64%
Europa Sofia
64%
Afrika Tunis
59%
Europa Vaduz
59%
Asien Seoul
56%
Afrika Rabat
52%
Afrika Dakar
48%
Asien Dhaka
47%
Südamerika La Paz
44%
Afrika Accra
42%
Asien Hanoi
40%
Südamerika Sucre
35%
Asien Sanaa
34%
Afrika Abuja
32%
Asien Amman
31%
Asien Kabul
30%
Ozeanien Yaren
23%
Afrika Praia
16%
Keine übereinstimmenden Quizze gefunden
Verteilung der Resultate
Anzahl Personen mit jedem Resultat
Perzentil nach korrekt beantworteten Fragen
Ihre Resultats-Entwicklung
Sie haben dieses Quiz noch nicht gespielt